[Event "EUYCC 2025 - U10"]
[Site "?"]
[Date "2025.08.22"]
[Round "4.12"]
[White "Jongejan, Evienne"]
[Black "Ser, Karina"]
[Result "0-1"]
[BlackElo "1427"]
[WhiteElo "1576"]
[LiveChessVersion "1.4.8"]

1. e4 {[%clk 1:30:57]} d6 {[%clk 1:30:43]} 2. d4 {[%clk 1:31:02]} Nf6
{[%clk 1:30:49]} 3. Nc3 {[%clk 1:30:58]} Nbd7 {[%clk 1:30:21]} 4. Bc4
{[%clk 1:30:52]} e5 {[%clk 1:29:03]} 5. Nf3 {[%clk 1:30:20]} Be7 {[%clk 1:25:42]}
6. O-O {[%clk 1:28:25]} h6 {[%clk 1:24:11]} 7. Qd3 {[%clk 1:26:56]} O-O
{[%clk 1:23:07]} 8. Nh4 {[%clk 1:20:25]} exd4 {[%clk 1:10:05]} 9. Qxd4
{[%clk 1:20:21]} Ne5 {[%clk 1:09:38]} 10. Bb3 {[%clk 1:18:41]} Nxe4
{[%clk 1:07:33]} 11. Qxe4 {[%clk 1:14:41]} Bxh4 {[%clk 1:07:38]} 12. f4
{[%clk 1:13:43]} Nc6 {[%clk 1:06:43]} 13. Bd5 {[%clk 1:12:18]} Bd7
{[%clk 1:06:17]} 14. f5 {[%clk 1:09:11]} Bf6 {[%clk 1:05:34]} 15. Qg4
{[%clk 1:08:38]} Kh7 {[%clk 1:05:00]} 16. Qh5 {[%clk 1:07:12]} Bxc3
{[%clk 1:02:24]} 17. bxc3 {[%clk 1:07:27]} Ne7 {[%clk 0:59:05]} 18. Bxf7
{[%clk 1:06:12]} Be8 {[%clk 0:58:45]} 19. Bxe8 {[%clk 1:06:02]} Qxe8
{[%clk 0:59:03]} 20. Qxe8 {[%clk 1:02:44]} Raxe8 {[%clk 0:59:02]} 21. Be3
{[%clk 1:01:43]} Nxf5 {[%clk 0:57:21]} 22. Bf2 {[%clk 1:00:44]} g5
{[%clk 0:56:19]} 23. Rab1 {[%clk 0:59:31]} b6 {[%clk 0:55:23]} 24. Rb5
{[%clk 0:59:16]} Ng7 {[%clk 0:49:15]} 25. a4 {[%clk 0:58:30]} Nh5
{[%clk 0:47:13]} 26. a5 {[%clk 0:55:01]} Nf4 {[%clk 0:47:07]} 27. c4
{[%clk 0:54:05]} Ne2+ {[%clk 0:46:46]} 28. Kh1 {[%clk 0:54:22]} Nc3
{[%clk 0:47:01]} 29. Rb3 {[%clk 0:54:23]} Rxf2 {[%clk 0:46:35]} 30. Rg1
{[%clk 0:54:03]} Ne2 {[%clk 0:46:08]} 31. Rgb1 {[%clk 0:53:29]} Ref8
{[%clk 0:44:30]} 32. h3 {[%clk 0:53:14]} Nf4 {[%clk 0:44:00]} 33. Re3
{[%clk 0:52:02]} Ng6 {[%clk 0:43:18]} 34. axb6 {[%clk 0:52:02]} axb6
{[%clk 0:43:19]} 35. c3 {[%clk 0:51:55]} Rc2 {[%clk 0:43:12]} 36. Rg1
{[%clk 0:50:34]} Rff2 {[%clk 0:43:24]} 37. Rg3 {[%clk 0:50:08]} Nf4
{[%clk 0:43:24]} 38. Re3 {[%clk 0:49:46]} Nxg2 {[%clk 0:42:48]} 39. Rg3
{[%clk 0:49:07]} Nf4 {[%clk 0:42:51]} 40. Re1 {[%clk 0:48:52]} Ne2
{[%clk 0:41:58]} 41. Rg4 {[%clk 0:48:49]} Nf4 {[%clk 0:41:33]} 42. h4
{[%clk 0:48:53]} Rh2+ {[%clk 0:41:56]} 43. Kg1 {[%clk 0:49:03]} Nh3+
{[%clk 0:42:23]} 44. Kf1 {[%clk 0:49:27]} Rcf2# 0-1

[Event "EUYCC 2025 - U10"]
[Site "?"]
[Date "2025.08.22"]
[Round "4.13"]
[White "Zlamal, Jakub"]
[Black "Andrasinova, Natalia"]
[Result "1/2-1/2"]
[BlackElo "1572"]
[WhiteElo "1441"]
[LiveChessVersion "1.4.8"]

1. e4 {[%clk 1:30:56]} e5 {[%clk 1:30:53]} 2. Nf3 {[%clk 1:31:17]} Nc6
{[%clk 1:31:13]} 3. d4 {[%clk 1:31:03]} exd4 {[%clk 1:31:32]} 4. Nxd4
{[%clk 1:31:19]} Bc5 {[%clk 1:31:50]} 5. Nb3 {[%clk 1:30:19]} Bb6
{[%clk 1:30:42]} 6. a4 {[%clk 1:30:00]} a6 {[%clk 1:27:15]} 7. a5
{[%clk 1:29:42]} Ba7 {[%clk 1:27:23]} 8. Nc3 {[%clk 1:29:44]} d6 {[%clk 1:24:41]}
9. Bc4 {[%clk 1:28:46]} Nf6 {[%clk 1:22:38]} 10. Bg5 {[%clk 1:28:16]} h6
{[%clk 1:19:50]} 11. Bh4 {[%clk 1:27:50]} Ne5 {[%clk 1:18:25]} 12. Be2
{[%clk 1:26:44]} Ng6 {[%clk 1:15:42]} 13. Bg3 {[%clk 1:25:00]} Be6
{[%clk 1:13:37]} 14. Qd2 {[%clk 1:21:50]} Bxb3 {[%clk 1:12:52]} 15. cxb3
{[%clk 1:21:29]} Qe7 {[%clk 1:10:19]} 16. Bf3 {[%clk 1:20:16]} Ne5
{[%clk 1:07:06]} 17. Be2 {[%clk 1:18:31]} Nc6 {[%clk 1:03:14]} 18. Bd3
{[%clk 1:17:04]} Nb4 {[%clk 0:59:43]} 19. Ra4 {[%clk 1:10:23]} Nxd3+
{[%clk 0:58:39]} 20. Qxd3 {[%clk 1:09:17]} Rd8 {[%clk 0:57:08]} 21. Qe2
{[%clk 0:53:22]} O-O {[%clk 0:49:56]} 22. O-O {[%clk 0:51:57]} Rfe8
{[%clk 0:48:27]} 23. Re1 {[%clk 0:51:07]} c6 {[%clk 0:46:48]} 24. Raa1
{[%clk 0:50:03]} Bd4 {[%clk 0:44:50]} 25. Kh1 {[%clk 0:46:36]} Bxc3
{[%clk 0:44:12]} 26. bxc3 {[%clk 0:46:58]} Qxe4 {[%clk 0:44:09]} 27. Qxe4
{[%clk 0:46:55]} Rxe4 {[%clk 0:44:27]} 28. Rxe4 {[%clk 0:46:06]} Nxe4
{[%clk 0:44:16]} 29. c4 {[%clk 0:45:21]} Nxg3+ {[%clk 0:44:29]} 30. hxg3
{[%clk 0:45:02]} f5 {[%clk 0:43:29]} 31. f4 {[%clk 0:45:21]} Kf7 {[%clk 0:43:34]}
32. Kg1 {[%clk 0:45:21]} d5 {[%clk 0:43:39]} 33. Rd1 {[%clk 0:45:20]} Ke7
{[%clk 0:43:00]} 34. Kf2 {[%clk 0:44:54]} dxc4 {[%clk 0:42:49]} 35. Rxd8
{[%clk 0:44:20]} Kxd8 {[%clk 0:43:04]} 36. bxc4 {[%clk 0:44:18]} c5
{[%clk 0:43:15]} 37. Ke3 {[%clk 0:44:25]} Kc7 {[%clk 0:43:27]} 38. Kd3
{[%clk 0:44:07]} b6 {[%clk 0:43:47]} 39. axb6+ {[%clk 0:44:27]} Kxb6
{[%clk 0:44:12]} 40. Kc3 {[%clk 0:39:05]} Kc6 {[%clk 0:43:51]} 41. Kb3
{[%clk 0:39:06]} g5 {[%clk 0:42:46]} 42. Ka4 {[%clk 0:37:33]} Kb6
{[%clk 0:41:54]} 43. Kb3 {[%clk 0:37:11]} gxf4 {[%clk 0:36:45]} 44. gxf4
{[%clk 0:36:27]} h5 {[%clk 0:36:07]} 45. g3 {[%clk 0:36:41]} Ka5 {[%clk 0:35:54]}
46. Ka3 {[%clk 0:37:00]} 1/2-1/2

[Event "EUYCC 2025 - U10"]
[Site "?"]
[Date "2025.08.22"]
[Round "4.16"]
[White "Plancarova, Monika"]
[Black "Janousek, Matej"]
[Result "1-0"]
[BlackElo "1447"]
[WhiteElo "1406"]
[LiveChessVersion "1.4.8"]

1. e4 {[%clk 1:30:57]} d5 {[%clk 1:30:46]} 2. exd5 {[%clk 1:31:16]} c6
{[%clk 1:31:13]} 3. d4 {[%clk 1:31:27]} cxd5 {[%clk 1:31:34]} 4. Bd3
{[%clk 1:31:46]} Nf6 {[%clk 1:31:41]} 5. Nf3 {[%clk 1:31:56]} e6 {[%clk 1:32:00]}
6. O-O {[%clk 1:31:38]} Bd6 {[%clk 1:32:21]} 7. Bg5 {[%clk 1:31:34]} h6
{[%clk 1:31:41]} 8. Be3 {[%clk 1:31:25]} O-O {[%clk 1:32:01]} 9. c3
{[%clk 1:31:46]} Nc6 {[%clk 1:32:09]} 10. Nbd2 {[%clk 1:31:55]} e5
{[%clk 1:31:32]} 11. dxe5 {[%clk 1:29:29]} Nxe5 {[%clk 1:31:42]} 12. Nxe5
{[%clk 1:29:35]} Bxe5 {[%clk 1:32:05]} 13. Nf3 {[%clk 1:29:33]} Bd6
{[%clk 1:29:33]} 14. Re1 {[%clk 1:29:23]} Re8 {[%clk 1:27:38]} 15. Qc2
{[%clk 1:25:00]} Be6 {[%clk 1:11:34]} 16. Rad1 {[%clk 1:23:40]} Rc8
{[%clk 1:11:01]} 17. Bb5 {[%clk 1:18:58]} Bd7 {[%clk 1:10:48]} 18. Bxd7
{[%clk 1:19:02]} Qxd7 {[%clk 1:11:07]} 19. Bxa7 {[%clk 1:19:07]} Ra8
{[%clk 1:11:10]} 20. Bd4 {[%clk 1:18:29]} Qd8 {[%clk 1:09:42]} 21. a3
{[%clk 1:16:37]} Ra6 {[%clk 1:08:37]} 22. Bxf6 {[%clk 1:15:58]} Qxf6
{[%clk 1:08:51]} 23. Rxe8+ {[%clk 1:16:09]} Bf8 {[%clk 1:08:55]} 24. Rxd5
{[%clk 1:11:52]} Re6 {[%clk 1:00:37]} 25. Rxe6 {[%clk 1:11:47]} Qxe6
{[%clk 1:01:01]} 26. Rb5 {[%clk 1:11:44]} Qa2 {[%clk 0:59:09]} 27. g3
{[%clk 1:10:10]} Qc4 {[%clk 0:58:22]} 28. Qb3 {[%clk 1:08:33]} Qe4
{[%clk 0:58:20]} 29. Kg2 {[%clk 1:08:43]} Qe6 {[%clk 0:45:51]} 30. Qxe6
{[%clk 1:08:55]} fxe6 {[%clk 0:46:14]} 31. Rxb7 {[%clk 1:09:13]} Bd6
{[%clk 0:43:19]} 32. Nd4 {[%clk 1:08:25]} e5 {[%clk 0:43:33]} 33. Nf5
{[%clk 1:08:41]} Bf8 {[%clk 0:43:38]} 34. a4 {[%clk 1:08:46]} e4 {[%clk 0:43:58]}
35. a5 {[%clk 1:08:29]} e3 {[%clk 0:44:21]} 36. Nxe3 {[%clk 1:08:36]} Kh7
{[%clk 0:44:44]} 37. a6 {[%clk 1:08:50]} Kg8 {[%clk 0:44:48]} 38. a7
{[%clk 1:09:09]} Kh7 {[%clk 0:45:10]} 39. a8=Q {[%clk 1:09:27]} Kg8
{[%clk 0:45:34]} 40. Rb8 {[%clk 1:09:15]} Kh7 {[%clk 0:45:48]} 41. Rxf8
{[%clk 1:09:35]} Kg6 {[%clk 0:46:04]} 42. Qe8+ {[%clk 1:09:37]} Kg5
{[%clk 0:45:55]} 43. Rf5# {[%clk 1:09:41]} 1-0

[Event "EUYCC 2025 - U10"]
[Site "?"]
[Date "2025.08.23"]
[Round "5.1"]
[White "Perouin, Simon"]
[Black "Hlavacek, Pavel"]
[Result "1-0"]
[BlackElo "1923"]
[WhiteElo "1861"]
[LiveChessVersion "1.4.8"]

1. e4 {[%clk 1:30:57]} c6 {[%clk 1:30:51]} 2. d4 {[%clk 1:31:17]} d5
{[%clk 1:31:14]} 3. exd5 {[%clk 1:31:42]} cxd5 {[%clk 1:31:38]} 4. Bd3
{[%clk 1:32:05]} Nc6 {[%clk 1:31:52]} 5. c3 {[%clk 1:32:16]} Qc7 {[%clk 1:32:13]}
6. h3 {[%clk 1:30:46]} g6 {[%clk 1:32:23]} 7. Nf3 {[%clk 1:30:00]} Bf5
{[%clk 1:30:32]} 8. O-O {[%clk 1:27:37]} Bxd3 {[%clk 1:25:45]} 9. Qxd3
{[%clk 1:27:46]} Nf6 {[%clk 1:25:41]} 10. Nbd2 {[%clk 1:23:40]} Bg7
{[%clk 1:25:24]} 11. Re1 {[%clk 1:22:15]} O-O {[%clk 1:23:50]} 12. Nf1
{[%clk 1:22:25]} Rfe8 {[%clk 1:16:57]} 13. Ne5 {[%clk 1:16:03]} Nd7
{[%clk 1:01:04]} 14. Nxd7 {[%clk 1:10:23]} Qxd7 {[%clk 1:00:48]} 15. Bf4
{[%clk 1:08:13]} Rad8 {[%clk 0:56:50]} 16. Rad1 {[%clk 1:05:29]} a6
{[%clk 0:39:07]} 17. Ne3 {[%clk 0:58:52]} b5 {[%clk 0:34:47]} 18. Ng4
{[%clk 0:55:01]} Qf5 {[%clk 0:12:44]} 19. Qxf5 {[%clk 0:49:42]} gxf5
{[%clk 0:13:05]} 20. Nh6+ {[%clk 0:50:00]} Bxh6 {[%clk 0:13:29]} 21. Bxh6
{[%clk 0:50:24]} Rd6 {[%clk 0:11:37]} 22. Bf4 {[%clk 0:50:19]} Re6
{[%clk 0:11:32]} 23. Rxe6 {[%clk 0:49:10]} fxe6 {[%clk 0:12:00]} 24. Rd3
{[%clk 0:44:33]} Kf7 {[%clk 0:11:07]} 25. Be5 {[%clk 0:41:20]} Rc8
{[%clk 0:10:00]} 26. f4 {[%clk 0:39:18]} Na5 {[%clk 0:08:04]} 27. Kf2
{[%clk 0:32:10]} Nc4 {[%clk 0:07:34]} 28. b3 {[%clk 0:31:38]} Nb6
{[%clk 0:07:55]} 29. Rg3 {[%clk 0:27:04]} Rg8 {[%clk 0:07:28]} 30. Re3
{[%clk 0:22:02]} Nd7 {[%clk 0:07:38]} 31. Rg3 {[%clk 0:09:48]} a5
{[%clk 0:05:46]} 32. Rxg8 {[%clk 0:07:49]} Kxg8 {[%clk 0:06:15]} 33. Bc7
{[%clk 0:07:29]} a4 {[%clk 0:06:39]} 34. bxa4 {[%clk 0:07:56]} bxa4
{[%clk 0:07:04]} 35. Ke2 {[%clk 0:07:18]} Kf8 {[%clk 0:06:42]} 36. Kd3
{[%clk 0:06:52]} Ke8 {[%clk 0:06:45]} 37. c4 {[%clk 0:06:28]} Nf6
{[%clk 0:06:41]} 38. Kc3 {[%clk 0:04:36]} Kd7 {[%clk 0:06:49]} 39. Be5
{[%clk 0:03:47]} Ne4+ {[%clk 0:07:13]} 40. Kb4 {[%clk 0:03:52]} Kc6
{[%clk 0:07:25]} 41. c5 {[%clk 0:03:49]} a3 {[%clk 0:06:40]} 42. Kxa3
{[%clk 0:03:40]} Kb5 {[%clk 0:07:03]} 43. Kb3 {[%clk 0:02:44]} Nd2+
{[%clk 0:07:10]} 44. Kc3 {[%clk 0:02:42]} Ne4+ {[%clk 0:07:33]} 45. Kd3
{[%clk 0:03:03]} Nf2+ {[%clk 0:07:44]} 46. Ke3 {[%clk 0:03:01]} Nd1+
{[%clk 0:07:40]} 47. Kf3 {[%clk 0:03:21]} h5 {[%clk 0:07:30]} 48. Kg3
{[%clk 0:03:06]} Nc3 {[%clk 0:04:51]} 49. a3 {[%clk 0:03:06]} Ne4+
{[%clk 0:03:12]} 50. Kh4 {[%clk 0:03:28]} Kc6 {[%clk 0:03:38]} 51. Kxh5
{[%clk 0:03:42]} Kd7 {[%clk 0:04:01]} 52. g4 {[%clk 0:03:30]} fxg4
{[%clk 0:04:23]} 53. hxg4 {[%clk 0:03:59]} Ng3+ {[%clk 0:04:39]} 54. Kh6
{[%clk 0:04:14]} Kc6 {[%clk 0:04:54]} 55. g5 {[%clk 0:04:33]} Nf5+
{[%clk 0:05:18]} 56. Kh7 {[%clk 0:05:02]} Kd7 {[%clk 0:05:18]} 57. g6
{[%clk 0:05:25]} Ke8 {[%clk 0:05:35]} 58. g7 {[%clk 0:05:42]} Nxg7
{[%clk 0:06:01]} 59. Kxg7 {[%clk 0:06:05]} 1-0

[Event "EUYCC 2025 - U10"]
[Site "?"]
[Date "2025.08.23"]
[Round "5.2"]
[White "Vinet, Matelo"]
[Black "Vanek, Michal"]
[Result "1-0"]
[BlackElo "1669"]
[WhiteElo "1708"]
[LiveChessVersion "1.4.8"]

1. e4 {[%clk 1:30:22]} c5 {[%clk 1:30:53]} 2. Nf3 {[%clk 1:30:48]} Nc6
{[%clk 1:31:16]} 3. d4 {[%clk 1:31:13]} cxd4 {[%clk 1:31:39]} 4. Nxd4
{[%clk 1:31:36]} e5 {[%clk 1:31:58]} 5. Nb5 {[%clk 1:31:57]} a6 {[%clk 1:32:23]}
6. Nd6+ {[%clk 1:32:02]} Bxd6 {[%clk 1:32:46]} 7. Qxd6 {[%clk 1:32:25]} Qf6
{[%clk 1:33:10]} 8. Qxf6 {[%clk 1:30:40]} Nxf6 {[%clk 1:33:30]} 9. Nc3
{[%clk 1:29:25]} Nb4 {[%clk 1:30:53]} 10. Bd3 {[%clk 1:28:58]} b5
{[%clk 1:29:03]} 11. Bg5 {[%clk 1:24:23]} Bb7 {[%clk 1:24:07]} 12. O-O-O
{[%clk 1:23:09]} Nxd3+ {[%clk 1:18:01]} 13. cxd3 {[%clk 1:22:16]} Rc8
{[%clk 1:14:57]} 14. Kb1 {[%clk 1:22:10]} O-O {[%clk 1:10:07]} 15. f3
{[%clk 1:17:48]} d6 {[%clk 1:02:17]} 16. d4 {[%clk 1:15:18]} Rfd8
{[%clk 0:44:45]} 17. Rd2 {[%clk 1:12:38]} h6 {[%clk 0:33:42]} 18. Bh4
{[%clk 1:10:01]} b4 {[%clk 0:30:23]} 19. Ne2 {[%clk 1:08:43]} Re8
{[%clk 0:17:45]} 20. Bxf6 {[%clk 1:06:31]} gxf6 {[%clk 0:17:52]} 21. Rhd1
{[%clk 1:05:39]} a5 {[%clk 0:13:20]} 22. Ng3 {[%clk 1:04:48]} Re6
{[%clk 0:11:45]} 23. Nf5 {[%clk 1:04:02]} h5 {[%clk 0:11:19]} 24. d5
{[%clk 1:04:10]} Ree8 {[%clk 0:09:46]} 25. Nxd6 {[%clk 1:04:30]} Ba6
{[%clk 0:09:39]} 26. Nxe8 {[%clk 1:04:44]} Rxe8 {[%clk 0:10:02]} 27. Rc1
{[%clk 1:04:50]} a4 {[%clk 0:06:56]} 28. d6 {[%clk 1:04:43]} Rd8 {[%clk 0:07:05]}
29. Rc6 {[%clk 1:04:59]} Bc8 {[%clk 0:05:56]} 30. d7 {[%clk 1:04:31]} Bb7
{[%clk 0:05:21]} 31. Rb6 {[%clk 1:04:29]} Ba8 {[%clk 0:05:29]} 32. Rb8
{[%clk 1:04:20]} 1-0

[Event "EUYCC 2025 - U10"]
[Site "?"]
[Date "2025.08.23"]
[Round "5.3"]
[White "Lobina, Thomas"]
[Black "Kristof, Simon"]
[Result "0-1"]
[BlackElo "1635"]
[WhiteElo "1959"]
[LiveChessVersion "1.4.8"]

1. d4 {[%clk 1:30:56]} d5 {[%clk 1:30:58]} 2. Nf3 {[%clk 1:31:20]} Nf6
{[%clk 1:31:13]} 3. c4 {[%clk 1:31:45]} e6 {[%clk 1:31:39]} 4. g3
{[%clk 1:32:12]} Nc6 {[%clk 1:31:39]} 5. Bg2 {[%clk 1:32:14]} dxc4
{[%clk 1:31:03]} 6. Qa4 {[%clk 1:29:59]} Bd7 {[%clk 1:29:00]} 7. Qxc4
{[%clk 1:30:18]} Bd6 {[%clk 1:25:39]} 8. Nc3 {[%clk 1:27:04]} O-O
{[%clk 1:23:21]} 9. O-O {[%clk 1:25:28]} Rb8 {[%clk 1:15:07]} 10. e4
{[%clk 1:15:08]} e5 {[%clk 1:10:47]} 11. h3 {[%clk 1:04:14]} exd4
{[%clk 1:04:55]} 12. Nxd4 {[%clk 1:04:20]} Be5 {[%clk 1:04:25]} 13. Nxc6
{[%clk 1:02:11]} Bxc6 {[%clk 1:03:34]} 14. Be3 {[%clk 1:02:25]} a6
{[%clk 1:01:50]} 15. Rad1 {[%clk 1:02:31]} Qc8 {[%clk 1:01:25]} 16. Bd4
{[%clk 0:57:49]} Bxd4 {[%clk 1:00:23]} 17. Rxd4 {[%clk 0:58:02]} Qe6
{[%clk 0:52:15]} 18. Qxe6 {[%clk 0:57:07]} fxe6 {[%clk 0:52:28]} 19. e5
{[%clk 0:54:44]} Bxg2 {[%clk 0:52:34]} 20. Kxg2 {[%clk 0:55:08]} Ne8
{[%clk 0:48:31]} 21. Ne4 {[%clk 0:54:19]} Rf7 {[%clk 0:35:47]} 22. Rfd1
{[%clk 0:51:19]} b6 {[%clk 0:22:44]} 23. Ng5 {[%clk 0:47:44]} Re7
{[%clk 0:22:32]} 24. Rd7 {[%clk 0:48:01]} Kf8 {[%clk 0:12:35]} 25. Nxh7+
{[%clk 0:48:22]} Kf7 {[%clk 0:12:54]} 26. Ng5+ {[%clk 0:48:05]} Kf8
{[%clk 0:13:18]} 27. R1d3 {[%clk 0:48:13]} Rxd7 {[%clk 0:10:22]} 28. Rxd7
{[%clk 0:47:50]} c5 {[%clk 0:06:35]} 29. Nxe6+ {[%clk 0:48:14]} Kg8
{[%clk 0:06:50]} 30. f4 {[%clk 0:48:26]} Rc8 {[%clk 0:04:45]} 31. f5
{[%clk 0:46:57]} b5 {[%clk 0:03:57]} 32. Ng5 {[%clk 0:47:00]} c4 {[%clk 0:03:57]}
33. e6 {[%clk 0:47:24]} Nf6 {[%clk 0:03:46]} 34. e7 {[%clk 0:46:47]} Nxd7
{[%clk 0:03:48]} 35. Kf3 {[%clk 0:47:00]} Re8 {[%clk 0:02:50]} 36. Ke4
{[%clk 0:47:01]} Rxe7+ {[%clk 0:02:33]} 37. Ne6 {[%clk 0:47:26]} Nf8
{[%clk 0:01:48]} 38. Ke5 {[%clk 0:47:22]} Kf7 {[%clk 0:01:34]} 39. Kd5
{[%clk 0:47:38]} Nxe6 {[%clk 0:01:52]} 40. fxe6+ {[%clk 0:48:03]} Rxe6
{[%clk 0:02:14]} 41. Kc5 {[%clk 0:48:31]} Ke7 {[%clk 0:02:31]} 42. Kb4
{[%clk 0:48:57]} Kd7 {[%clk 0:02:21]} 43. Kc5 {[%clk 0:49:20]} Kc7
{[%clk 0:02:29]} 44. Kd4 Re2 {[%clk 0:02:25]} 45. Kc3 {[%clk 0:50:11]} Re3+
{[%clk 0:02:34]} 0-1

[Event "EUYCC 2025 - U10"]
[Site "?"]
[Date "2025.08.23"]
[Round "5.4"]
[White "Horvath, Kornel"]
[Black "Sirbu, Filip"]
[Result "0-1"]
[BlackElo "1697"]
[WhiteElo "1635"]
[LiveChessVersion "1.4.8"]

1. e4 {[%clk 1:30:52]} c6 {[%clk 1:30:52]} 2. d4 {[%clk 1:31:16]} d5
{[%clk 1:31:17]} 3. exd5 {[%clk 1:31:38]} cxd5 {[%clk 1:31:39]} 4. Nf3
{[%clk 1:31:47]} Bg4 {[%clk 1:31:01]} 5. h3 {[%clk 1:31:59]} Bxf3
{[%clk 1:31:23]} 6. Qxf3 {[%clk 1:32:13]} Nf6 {[%clk 1:31:15]} 7. c4
{[%clk 1:30:14]} Nc6 {[%clk 1:29:33]} 8. Nc3 {[%clk 1:23:56]} Nxd4
{[%clk 1:26:11]} 9. Qd1 {[%clk 1:23:38]} e5 {[%clk 1:22:35]} 10. cxd5
{[%clk 1:20:11]} Be7 {[%clk 1:19:22]} 11. Be3 {[%clk 1:09:55]} Nf5
{[%clk 1:10:55]} 12. Bb5+ {[%clk 1:03:42]} Nd7 {[%clk 1:10:51]} 13. O-O
{[%clk 1:01:18]} Nxe3 {[%clk 1:08:16]} 14. fxe3 {[%clk 1:00:36]} Bc5
{[%clk 1:07:22]} 15. Qf3 {[%clk 0:57:04]} O-O {[%clk 1:07:03]} 16. Kh1
{[%clk 0:41:42]} f5 {[%clk 1:00:01]} 17. Qg3 {[%clk 0:38:02]} e4 {[%clk 0:58:19]}
18. Bxd7 {[%clk 0:32:55]} Qxd7 {[%clk 0:57:38]} 19. Rae1 {[%clk 0:31:56]} Bd6
{[%clk 0:54:14]} 20. Qf2 {[%clk 0:30:34]} Be5 {[%clk 0:51:16]} 21. Qd2
{[%clk 0:30:36]} Rad8 {[%clk 0:44:44]} 22. Rd1 {[%clk 0:30:30]} Rf6
{[%clk 0:44:14]} 23. Ne2 {[%clk 0:26:46]} Rd6 {[%clk 0:43:06]} 24. Ng1
{[%clk 0:25:47]} Rxd5 {[%clk 0:42:29]} 25. Qxd5+ {[%clk 0:26:02]} Qxd5
{[%clk 0:42:42]} 26. Rxd5 {[%clk 0:26:27]} Rxd5 {[%clk 0:43:05]} 27. Rxf5
{[%clk 0:26:51]} g6 {[%clk 0:42:10]} 28. Rg5 {[%clk 0:26:31]} Kg7
{[%clk 0:42:05]} 29. Rg4 {[%clk 0:26:37]} h5 {[%clk 0:41:19]} 30. Rxe4
{[%clk 0:26:57]} Kf6 {[%clk 0:41:13]} 31. Rb4 {[%clk 0:22:57]} b6
{[%clk 0:39:20]} 32. g4 {[%clk 0:16:57]} Rd2 {[%clk 0:35:31]} 33. gxh5
{[%clk 0:16:11]} Rh2# {[%clk 0:35:42]} 0-1

[Event "EUYCC 2025 - U10"]
[Site "?"]
[Date "2025.08.23"]
[Round "5.5"]
[White "Bostina, Vladimir-Ioan"]
[Black "Skouroupathis, Kyriakos"]
[Result "1/2-1/2"]
[BlackElo "1798"]
[WhiteElo "1697"]
[LiveChessVersion "1.4.8"]

1. e4 {[%clk 1:30:58]} c6 {[%clk 1:30:49]} 2. d4 {[%clk 1:31:23]} d5
{[%clk 1:31:14]} 3. Nd2 {[%clk 1:31:49]} dxe4 {[%clk 1:31:35]} 4. Nxe4
{[%clk 1:32:16]} Nf6 {[%clk 1:31:44]} 5. Nxf6+ {[%clk 1:32:40]} exf6
{[%clk 1:32:05]} 6. c3 {[%clk 1:33:05]} Bd6 {[%clk 1:32:06]} 7. Bd3
{[%clk 1:33:03]} O-O {[%clk 1:32:30]} 8. Qc2 {[%clk 1:33:27]} h6 {[%clk 1:32:39]}
9. Ne2 {[%clk 1:33:21]} Re8 {[%clk 1:32:01]} 10. Be3 {[%clk 1:33:45]} Be6
{[%clk 1:29:47]} 11. h4 {[%clk 1:33:21]} Nd7 {[%clk 1:24:57]} 12. O-O-O
{[%clk 1:30:06]} Qa5 {[%clk 0:53:32]} 13. a3 {[%clk 1:20:48]} Bg4
{[%clk 0:33:14]} 14. Qd2 {[%clk 0:49:10]} Bxe2 {[%clk 0:25:01]} 15. Bxe2
{[%clk 0:33:46]} f5 {[%clk 0:15:25]} 16. Bd3 {[%clk 0:24:19]} Qd5
{[%clk 0:03:23]} 17. c4 {[%clk 0:13:31]} Qe6 {[%clk 0:03:41]} 18. Rde1
{[%clk 0:09:44]} Qf6 {[%clk 0:03:28]} 19. Bf4 {[%clk 0:05:36]} Qxd4
{[%clk 0:03:04]} 20. Bxd6 Qxd6 {[%clk 0:03:33]} 21. Bxf5 {[%clk 0:06:02]} Qxd2+
{[%clk 0:03:46]} 22. Kxd2 {[%clk 0:06:30]} Ne5 {[%clk 0:01:45]} 23. Kc3
{[%clk 0:02:32]} g6 {[%clk 0:00:58]} 24. Bc2 {[%clk 0:01:28]} 1/2-1/2

[Event "EUYCC 2025 - U10"]
[Site "?"]
[Date "2025.08.23"]
[Round "5.6"]
[White "Hornacek, Tomas"]
[Black "Macharacek, Jakub"]
[Result "0-1"]
[BlackElo "1677"]
[WhiteElo "1710"]
[LiveChessVersion "1.4.8"]

1. e4 {[%clk 1:30:59]} e5 {[%clk 1:30:54]} 2. Nf3 {[%clk 1:31:26]} Nc6
{[%clk 1:31:18]} 3. Nc3 {[%clk 1:31:53]} Nf6 {[%clk 1:31:42]} 4. d4
{[%clk 1:32:19]} exd4 {[%clk 1:32:06]} 5. Nd5 {[%clk 1:32:44]} Bc5
{[%clk 1:28:17]} 6. Bg5 {[%clk 1:31:44]} Be7 {[%clk 1:14:39]} 7. Qe2
{[%clk 1:23:50]} d6 {[%clk 1:08:52]} 8. Qc4 {[%clk 1:22:07]} Be6 {[%clk 1:00:45]}
9. Qb5 {[%clk 1:11:28]} O-O {[%clk 0:48:46]} 10. Qxb7 {[%clk 1:09:06]} Nxd5
{[%clk 0:46:33]} 11. Qxc6 {[%clk 1:08:06]} Nb4 {[%clk 0:39:12]} 12. Qa4
{[%clk 1:05:54]} Bxg5 {[%clk 0:36:29]} 13. Nxg5 {[%clk 1:06:12]} Qxg5
{[%clk 0:36:11]} 14. Qxb4 {[%clk 1:06:08]} c5 {[%clk 0:35:56]} 15. Qa3
{[%clk 1:05:33]} Qe5 {[%clk 0:33:39]} 16. Qf3 {[%clk 1:01:20]} d5
{[%clk 0:31:14]} 17. Ba6 {[%clk 0:55:39]} dxe4 {[%clk 0:28:34]} 18. Qe2
{[%clk 0:55:15]} f5 {[%clk 0:25:35]} 19. O-O {[%clk 0:54:45]} Rad8
{[%clk 0:24:38]} 20. Rfe1 {[%clk 0:52:58]} Rfe8 {[%clk 0:21:28]} 21. Qh5
{[%clk 0:49:59]} Bf7 {[%clk 0:20:58]} 22. Qh4 {[%clk 0:49:39]} c4
{[%clk 0:19:51]} 23. a4 {[%clk 0:48:28]} Rd6 {[%clk 0:18:13]} 24. Bb5
{[%clk 0:47:42]} Rc8 {[%clk 0:17:41]} 25. f4 {[%clk 0:47:42]} Qe6
{[%clk 0:15:01]} 26. a5 {[%clk 0:44:04]} a6 {[%clk 0:12:26]} 27. Ba4
{[%clk 0:44:24]} d3 {[%clk 0:11:57]} 28. cxd3 {[%clk 0:44:48]} cxd3
{[%clk 0:12:19]} 29. Rad1 {[%clk 0:43:48]} Rcd8 {[%clk 0:10:15]} 30. Qf2
{[%clk 0:43:42]} Bh5 {[%clk 0:08:07]} 31. Rd2 {[%clk 0:43:24]} Kh8
{[%clk 0:07:11]} 32. Qe3 {[%clk 0:42:00]} Qc4 {[%clk 0:04:38]} 33. Ra1
{[%clk 0:39:42]} Qd4 {[%clk 0:04:49]} 34. Kf2 {[%clk 0:39:03]} Be2
{[%clk 0:03:00]} 35. Bd1 {[%clk 0:35:25]} Bxd1 {[%clk 0:03:15]} 36. Raxd1
{[%clk 0:35:40]} g6 {[%clk 0:03:08]} 37. h3 {[%clk 0:35:27]} Kg7 {[%clk 0:02:50]}
38. Rc1 {[%clk 0:35:22]} Qxe3+ {[%clk 0:01:53]} 39. Kxe3 {[%clk 0:35:40]} Rd5
{[%clk 0:02:15]} 40. b4 {[%clk 0:34:37]} Rb5 {[%clk 0:02:27]} 41. Rb1
{[%clk 0:34:57]} Kf6 {[%clk 0:02:02]} 42. Rdb2 {[%clk 0:34:24]} Rc8
{[%clk 0:01:58]} 43. Kd2 {[%clk 0:33:58]} Rc4 {[%clk 0:01:41]} 44. Rb3
{[%clk 0:32:18]} Rc2+ {[%clk 0:01:56]} 45. Ke3 {[%clk 0:28:52]} Ke6
{[%clk 0:01:59]} 46. R3b2 {[%clk 0:27:58]} Rxb2 {[%clk 0:02:13]} 47. Rxb2
{[%clk 0:28:17]} Kd5 {[%clk 0:02:41]} 0-1